000
00201 a2200085 4500
245
_a
THE AFRICAN EXPERIENCE WITH HIGHER EDUCATION
_h
Text
100
_a
J.F ADE AJAYI
650
_a
EDUCATION
005
20191021095727.0
084
_a
NONE
999
_c
12599
_d
12599